Umenie ľahko sa učiť Metódy, ktoré vám uľahčia učenie

Guardado en:
Detalles Bibliográficos
Autor principal: Tepperwein, Kurt
Otros Autores: Ivanová, Alena
Formato: Libro
Lenguaje:eslovaco
Publicado: Šamorín Fontana 1992
Edición:1. vyd.
Materias:
Etiquetas: Agregar Etiqueta
Sin Etiquetas, Sea el primero en etiquetar este registro!

MARC

LEADER 00000nam a2200000 4500
001 c001089
005 20221214090827.5
020 |a 80-900492-7-3 
041 0 |a slo 
044 |a SK 
245 1 0 |a Umenie ľahko sa učiť  |b Metódy, ktoré vám uľahčia učenie  |c Kurt Tepperwein ; [Z nem. prel.] Alena Ivanová 
250 |a 1. vyd. 
264 1 |a Šamorín  |b Fontana  |c 1992 
300 |a 170 s. 
610 2 0 |a psychológia 
610 2 0 |a organizácia práce 
610 2 0 |a pedagogika 
100 1 |a Tepperwein, Kurt 
700 1 |a Ivanová, Alena